Copépodos meiobentónicos en el estuario de Bahía Blanca /

Guardado en:
Autor Principal: Sciberras, Michel.
Autor Corporativo: Universidad Nacional del Sur. Departamento de Biología, Bioquímica y Farmacia.
Otros Autores: Bulnes, Verónica Natalia, (dir. de tesina.)
Formato: Manuscrito
Idioma:Spanish
Publicado: 2013.
Materias:
Etiquetas: Agregar Etiqueta
Sin Etiquetas, Sea el primero en etiquetar este registro!
LEADER 01048ntm a22002655a 4500
001 EUN.eunm004817
008 130912s2013####ag#a#####b####000#0#spa#d
005 20251218161931.0
245 1 0 |a Copépodos meiobentónicos en el estuario de Bahía Blanca /  |c tesista: Michel Sciberras ; directora: Natalia Bulnes. 
260 |c 2013. 
300 |a 36 h. :  |b il. col. ;  |c 30 cm. 
502 |a Tesina (licenciatura)--Universidad Nacional del Sur. Departamento de Biología, Bioquímica y Farmacia, 2013. 
504 |a Incluye referencias bibliográficas. 
100 1 |a Sciberras, Michel. 
700 1 |a Bulnes, Verónica Natalia,  |e dir. de tesina. 
710 2 |a Universidad Nacional del Sur.  |b Departamento de Biología, Bioquímica y Farmacia. 
082 0 4 |a 595.3  |2 15 
650 7 |a Zoología.  |2 unbist 
650 7 |a Crustacea.  |2 Icyt 
650 7 |a Copepoda.  |2 Icyt 
650 7 |a Taxonomía.  |2 Icyt 
650 7 |a Estuarios.  |2 unbist 
651 7 |a Bahía Blanca (Argentina) 
653 |a Tesinas 
859 |a AR-BaUNS  |b BIB. CENTRAL - Sector A  |h 595.3  |i Sc15  |p 129180/025  |t Ej.2